000 00359 a2200157 4500
001 126833
020 _a9782014015539
040 _cEscola Canadense de Niteroi
100 _aAntier, Marine
245 1 0 _aTotem 3 : cahier d'activités méthode de français B1
300 _bil.
362 0 _a2014
490 0 _aTotem
650 4 _aFrancês
942 _cBK
999 _c126833
_d126833